000 01103nam a22003735a 4500
999 _c3201
_d233705
001 002848
003 armpunfd
005 20180604175247.0
008 140804s2013####ag############000#0#und#d
020 _a9789502024721
080 _a349.6 (821.2) Es 11
245 1 0 _aDerecho Ambiental :
_ben la Provincia de Buenos Aires /
260 _aBuenos Aires :
_bAbeledo- Perrot,
_c2013.
300 _a848 P ;
_c24 X 17 Cm.
650 7 _aAmparo
_2LEMB
650 7 _aDaƱos y Perjuicios
_2LEMB
650 7 _aDerecho Agrario
_2LEMB
650 7 _aDerecho Ambiental
_2LEMB
650 7 _aDerechos Humanos
_2LEMB
650 7 _aFacultades de las Provincias
_2LEMB
650 7 _aMedio Ambiente
_2LEMB
650 7 _aMinas
_2LEMB
650 7 _aPoder de Policia
_2LEMB
650 7 _aResiduos Peligrosos
_2LEMB
650 7 _acodigo de aguas
_2LEMB
650 7 _acodigo rural
_2derecho ambiental constitucional
651 _2LEMB
700 1 _aEsain, Jose Alberto.
700 1 _aGarcia Minella, Gabriela.
945 _d2014-08-04
945 _d2014-08-04
945 _d2014-08-04